00310 a2200133 450000100060000002000250000604000240003110000220005524000270007724500220010430000100012636200090013665000310014547191 a9788598553429broch.) cAnchieta - Aquarius aCedraz, Antônio10aA Turma do Xaxadolpor10aA Turma do Xaxado a15p. 0 a2013 4aLiteratura infanto-juvenil